Tallest Rollercoasters Quiz Stats

 Plays Quiz not verified by Sporcle

Score 0/10 Timer 04:00
2 Plays Today
Amusement Park Name of Ride % Correct
Six Flags Great AdventuresKingda Ka
96.1%
Cedar PointTop Thrill Dragster
83.8%
Cedar PointMillenium Force
58%
Kings DominionIntimidator 305
53.5%
Nagashima Spa LandSteel Dragon 2000
52.3%
Six Flags Over TexasTitan
38.4%
CoomeraTower of Terror II
34.8%
Tokyo Dome CityThunder Dolphin
24.3%
Fuji-Q HighlandFujiyama
23.1%
Fuji-Q HighlandEejanaika
15.6%

You're not logged in!

Compare scores with friends on all Sporcle quizzes.
OR
Log In

Show Comments

Extras

Top Quizzes Today


Score Distribution

Your Account Isn't Verified!

In order to create a playlist on Sporcle, you need to verify the email address you used during registration. Go to your Sporcle Settings to finish the process.

Report this User

Report this user for behavior that violates our Community Guidelines.

Details: